00686nam a2200229 a 4500001001300000003000900013005001700022008004100039020002300080082001800103100001600121245003000137260005500167300000900222500003500231505002400266650001500290902000800305942000700313952011900320999001700439nice12345678IN_TiNIC20260116013726.0050524s1992 newa grp 000 0 eng  a812158X c20000a294.5563bRAI aRai, Lajpat aHistory of the Arya Samaj aNew Delhi bMunshiram Manoharlal Publishers c1992 a217p aincludes index and biblioraphy2 aBibliography, Index aArya Samaj bSRS cBK 001040708StackRoom-aHMIbHMId2007-07-25g200.00l0o294.5563 RAIp018183r2007-07-25v200.00w2005-05-24yBK c12177d12177